000 00306nam a2200109Ia 4500
008 230907s9999||||xx |||||||||||||| ||und||
082 _a621.406
_bLAK,
100 _aLakshminarayana, B.
_9115151
245 0 _aFluid dynamics and heat transfer of turbomachinery
260 _awilley
_bDelhi
_c2018
942 _cBK
999 _c598245
_d598245